000 00728nam a22002297a 4500
003 UA-OsUOA
001 41215
007 ta
008 20060918b un ||||| |||| 00| 0 ukr d
100 _aДиккенс Чарльз
090 _a821.111
_bД 45
942 _cBK
040 _aUA-OsUOA
_brus
_cUA-OsUOA
_dUA-OsUOA
245 _aЖизнь Дэвида Копперфилда, рассказанная им самим
_bРоман
300 _a767 с.
955 _a3
041 _arus
080 _a821.111
260 _aКишенев
_bГосударственное Издательство Молдавии
_c1956
650 7 _a82 Література. Літературознавство
_2UDC
999 _c327364
_d327364